The Building Act 1984 (Record no. 103183)

MARC details
000 -LEADER
fixed length control field 01584cam a2200265 4500
001 - CONTROL NUMBER
control field L0117539031
008 - FIXED-LENGTH DATA ELEMENTS--GENERAL INFORMATION
fixed length control field 031105n2003 000 0 eng u
020 ## - INTERNATIONAL STANDARD BOOK NUMBER
International Standard Book Number 0117539031
035 ## - SYSTEM CONTROL NUMBER
System control number (Sirsi) u124242
041 ## - LANGUAGE CODE
Language code of text/sound track or separate title eng
050 ## - LIBRARY OF CONGRESS CALL NUMBER
Classification number 692.2
-- 18
110 ## - MAIN ENTRY--CORPORATE NAME
Corporate name or jurisdiction name as entry element United Kingdom
Subordinate unit Office of the Deputy Prime Minister
245 #4 - TITLE STATEMENT
Title The Building Act 1984
Remainder of title the Building (Amendment) Regulations 2003 - new Part M in Schedule 1 to the Building Regulations 2000 - other amendments to the Building Regulations 2000 new Approved Document giving guidance on Part M (Access to and use of buildings).
260 ## - PUBLICATION, DISTRIBUTION, ETC.
Place of publication, distribution, etc. London
Name of publisher, distributor, etc. TSO
Date of publication, distribution, etc. 2003
490 ## - SERIES STATEMENT
Series statement ODPM Circular
Volume/sequential designation 11/2003
520 ## - SUMMARY, ETC.
Summary, etc. The purpose of this Circular is to draw attention to the Building (Amendment) Regulations 2003 and explain the changes they make to the Building Regulations 2000. The Circular also explains the coming into force and transitional provisions involved. The Circular relates to Approved Document M (2004 edition) which provides practical guidance regarding building access and use issues. View the Circular at www.odpm.gov.uk.
650 ## - SUBJECT ADDED ENTRY--TOPICAL TERM
Topical term or geographic name entry element BUILDING (AMENDMENT) REGULATIONS 2003
650 ## - SUBJECT ADDED ENTRY--TOPICAL TERM
Topical term or geographic name entry element BUILDING REGULATIONS 2000 APPROVED DOCUMENT M (2004 EDITION)
650 ## - SUBJECT ADDED ENTRY--TOPICAL TERM
Topical term or geographic name entry element MANAGEMENT-BUSINESS MANAGEMENT-DISCRIMINATION-DISABILITY DISCRIMINATION-ACCESSIBILITY
650 ## - SUBJECT ADDED ENTRY--TOPICAL TERM
Topical term or geographic name entry element BUILDING REGULATIONS 2000
650 ## - SUBJECT ADDED ENTRY--TOPICAL TERM
Topical term or geographic name entry element BUILDING ACT 1984
690 ## - LOCAL SUBJECT ADDED ENTRY--TOPICAL TERM (OCLC, RLIN)
Topical term or geographic name as entry element BUILT ENVIRONMENT-BUILDING STANDARDS
856 ## - ELECTRONIC LOCATION AND ACCESS
Uniform Resource Identifier <a href="https://www.communities.gov.uk/index.asp?id=1131062">https://www.communities.gov.uk/index.asp?id=1131062</a>
Public note View the Circular on the ODPM website...
942 ## - ADDED ENTRY ELEMENTS (KOHA)
Suppress in OPAC 0
Holdings
Withdrawn status Lost status Source of classification or shelving scheme Damaged status Not for loan Home library Current library Shelving location Date acquired Total Checkouts Full call number Barcode Date last seen Copy number Price effective from Koha item type
    Dewey Decimal Classification     Virtual Virtual Online 05/11/2003   ONLINE PUBLICATION 124242-1001 06/08/2019 1 06/08/2019 Book